000 02257nam0a2200397 4500
001 RU\NLR\BIBL_A\012757025
005 20220616154303.0
010 _a978-5-907424-22-7
_920000
021 _aRU
_bКН-П-22-066586
_9КН-П-22-5782
021 _aRU
_bКН-П-21-092256
_9КН-П-21-7359
035 _a(NLR Aleph) 012757025
035 _a(RuMoRGB)010937213
090 _a13050280
_c13050280
100 _a20220411d2021 b y0rusy50 ca
101 0 _arus
102 _aRU
105 _aa z 000zy
181 0 _ai2
_baxxe
181 0 _ab3
_bxb2e
182 1 _an
200 1 _aФрукты и овощи
_eзагадки, скороговорки, считалки
_f[иллюстрации Ирины Орловой]
203 _aТекст
_aИзображение
_bвизуальные
_cнепосредственные
210 _aСанкт-Петербург
_cКачели
_d2021
215 _a[16] с., [2] л. цв. накл.
_cцв. ил.
_d21
225 1 _aЗанимательные наклейки
330 _aЭто не просто книжка с наклейками, а увлекательная карусель забавных считалок, скороговорок и загадок с наклейками-отгадками! Скороговорки и считалки помогают тренировать память и произношение трудных звуков. А отгадывание загадок способствует развитию ассоциативного мышления и интереса к окружающему миру. Вы сможете занять малыша полезной и весёлой деятельностью на длительное время. Крохе понравится возвращаться к этой книжке снова и снова!
333 _a0+; 3+
686 0 _aШ9(2)3=Р-3
686 0 _aШ9(2)3=Р-5
702 1 _4440
_aОрлова
_bИ. В.
_cхудожник-иллюстратор
_gИрина Викторовна
_9142829
_3RU\NLR\AUTH\770142865
942 _cBOOK
980 _aNB